| 000 | 00621nam a22001817a 4500 | ||
|---|---|---|---|
| 999 |
_c4541 _d4541 |
||
| 001 | 12503 | ||
| 003 | BD-DhUAP | ||
| 005 | 20201112144021.0 | ||
| 008 | 201112s1986 bg ||||| |||| 001 0 ben d | ||
| 040 |
_aBD-DhUAP _bBen _cBD-DhUAP _dBD-DhUAP |
||
| 082 |
_223 _a954.92 RAF |
||
| 100 | _aরফিক, আহমদ। | ||
| 245 |
_aবুদ্ধিজীবীর সংস্কৃতি / _cআহমদ রফিক। |
||
| 260 |
_aঢাকা : _bমুক্তধারা, _cc১৯৮৬। |
||
| 300 |
_a১২৮ পৃষ্ঠা ; _c২২ সেমি.। |
||
| 650 | _aBangladesh- History. | ||
| 942 |
_2ddc _cBK |
||